Reappraisal of the feeding adaptations in the hairs of nectar-feeding bats (Registro nro. 10926)

Detalles MARC
000 -CABECERA
Campo de control 005290000a22001810004500
090 ## - CLASIFICACIÓN LOCAL
Colección AR
Consecutivo 01849
041 0# - IDIOMA
Código de idioma para texto/pista de sonido o título separado
100 1# - ASIENTO PRINCIPAL--NOMBRE PERSONAL
Nombre personal Donald W., Thomas
245 10 - MENCION DE TITULO
Título Reappraisal of the feeding adaptations in the hairs of nectar-feeding bats
650 14 - ASIENTO SECUNDARIO DE MATERIA - TERMINO TEMATICO
Término temático o nombre geográfico como elemento de entrada Murciélagos
650 14 - ASIENTO SECUNDARIO DE MATERIA - TERMINO TEMATICO
Término temático o nombre geográfico como elemento de entrada Nectarívoros
650 14 - ASIENTO SECUNDARIO DE MATERIA - TERMINO TEMATICO
Término temático o nombre geográfico como elemento de entrada Morfología animal
650 14 - ASIENTO SECUNDARIO DE MATERIA - TERMINO TEMATICO
Término temático o nombre geográfico como elemento de entrada Evolución
653 ## - TERMINO DE INDIZACION - NO CONTROLADO
-- Phyllostomidae
653 ## - TERMINO DE INDIZACION - NO CONTROLADO
-- Pteropodidae
773 1# - Item fuente:
Título Journal of Mammalogy
Especificación de materiales 106
Descripción física 3
Paginas del Articulo 1-1
Lugar, editorial y fecha de publicación 1984
Información sobre la relación 65
942 ## - ELEMENTOS ADICIONALES (KOHA)
Tipo de ítem Artículo
Existencias
Withdrawn status Lost status Damaged status No para préstamo Colección Ubicación Permanente Ubicación actual Fecha de adquisición Datos de publicación Seriada Total Checkouts Número topográfico Inventario / Código de Barras Date last seen Ejemplar Price effective from Forma de adquisición Tipo de material
      No para Préstamo Hemeroteca Bogotá Bogotá 27/02/2015 Fuera de circulación   AR 01849 012213 25/03/2015 1 25/03/2015   Artículo